Ελίτ και κοινωνία
Αποθηκεύτηκε σε:
| Κύριος συγγραφέας: | |
|---|---|
| Άλλοι συγγραφείς: | |
| Μορφή: | Βιβλίο |
| Γλώσσα: | Greek |
| Δημοσίευση: |
Αθήνα :
Εκδόσεις 70,
1970
|
| Θέματα: | |
| Ετικέτες: |
Προσθήκη ετικέτας
Δεν υπάρχουν, Καταχωρήστε ετικέτα πρώτοι!
|
MARC
| LEADER | 00000nam a2200000 i 4500 | ||
|---|---|---|---|
| 001 | 1/34441 | ||
| 008 | 960221s1970 gre d | ||
| 035 | |l 10024117 | ||
| 040 | |a GR-MY-UA |b gre |e aacr | ||
| 041 | 0 | |a gre | |
| 082 | 0 | |a 305.52 | |
| 100 | 1 | |a Bottomore, T. B. | |
| 245 | 1 | 0 | |a Ελίτ και κοινωνία / |c Τομ Μπότομορ ; Μετ.: Θ.Μπανούσης |
| 260 | |a Αθήνα : |b Εκδόσεις 70, |c 1970 | ||
| 300 | |a 198 σ. | ||
| 650 | 0 | 0 | |a Social classes. |
| 650 | 0 | 0 | |a Elite (Social Sciences) |
| 700 | 1 | |a Μπανούσης, Θ. |4 trl | |
| 852 | |a INST |b CHIOS |e 19960221 |h 305.52 BOT |p 005200006265 |q 005200006265 |t BK |y 0 | ||
| 909 | |a Χ |b 002013 | ||